Sports Quiz

Random Sports Quiz
Score 0/6 Timer 00:30
0 Plays Today
Equipo % Correct
Chicago Fire
83.3%
New York Red Bulls
66.7%
Seattle Sounders
50%
Columbus Crew
33.3%
Real Salt Lake
33.3%
Portland Timbers
16.7%
Remove Ads.
Support Sporcle.
Get the best of Sporcle when you Go Orange. This ad-free experience offers more features, more stats, and more fun while also helping to support Sporcle. Thank you for becoming a member.

You're not logged in!

Compare scores with friends on all Sporcle quizzes.
OR
Log In

Show Comments

Extras

Created Oct 3, 2013ReportNominate
Tags:MLS, mogadore, nombre, Que, rico

Top Quizzes Today


Score Distribution

Your Account Isn't Verified!

In order to create a playlist on Sporcle, you need to verify the email address you used during registration. Go to your Sporcle Settings to finish the process.

Report this User

Report this user for behavior that violates our Community Guidelines.

Details: